| 000 | 00937nam a22002657a 4500 | ||
|---|---|---|---|
| 999 |
_c17022 _d17022 |
||
| 003 | AR-CdUCM | ||
| 008 | 190507b ||||| |||| 00| 0 spa d | ||
| 040 |
_aMUNICIPALIDAD PROVINCIAL DEL CUSCO _cBIBLIOTECA MUNICIPAL DEL CUSCO |
||
| 041 | _hrus | ||
| 082 |
_27ed. _a636.1 / _bN82 |
||
| 100 |
_aNordby, Julius E. _923878 |
||
| 245 | _aSelección preparación y exposición de caballos / | ||
| 260 |
_aBuenos Aires : _bAlbatros, _c1971. |
||
| 300 |
_a155 páginas ; _bfiguras, _c21 cm. |
||
| 505 | _aContenido: Caballos de rodeo -- Caballos de tiro. | ||
| 650 |
_aCaballos _936831 |
||
| 650 |
_aSelección _921725 |
||
| 650 |
_aRazas _96935 |
||
| 700 |
_aLattig, Herbert E. (coautor) _936832 |
||
| 700 |
_aMontes de Oca, Estela (traducción) _936833 |
||
| 710 |
_aCentro Regional de Ayuda Técnica. _910048 |
||
| 710 |
_aAgencia para el Desarrollo Internacional (A.I.D.) _936834 |
||
| 942 |
_2ddc _cLIBROS |
||
| 945 |
_aachl _d2019-05-07 |
||